00325nam a2200133Ia 4500008004100000020001800041041000800059082001700067100001800084245002700102260003100129300000800160650002300168231004s9999 xx 000 0 und d a9780736058728 aeng a306.483bWOO aWOOD,RONALD B aSOCIAL ISSUES IN SPORT aU.SbHUMAN KINESTICSc2007 a368 aSOCIOLOGY IN P. E.